Les plus grandes actrices de tous les temps (pt. 1) - Statistiques

Statistiques générales
  • Ce quiz a été pris 509 fois
  • Le résultat moyen est 8 sur 20
Statistiques - réponses
Par images Réponse % Correct
Julia Roberts
87%
Marylin Monroe
87%
Meryl Streep
81%
Kate Winslet
69%
Audrey Hepburn
65%
Cate Blanchett
60%
Halle Berry
55%
Jodie Foster
55%
Grace Kelly
44%
Elizabeth Taylor
40%
Sophia Loren
29%
Glenn Close
28%
Judy Garland
22%
Ingrid Bergman
20%
Vivien Leigh
20%
Bette Davis
18%
Rita Hayworth
15%
Natalie Wood
14%
Greta Garbo
13%
Joan Crawford
9%
Aucun quiz correspondant
Distribution des résultats
% des personnes avec chaque résultat
Percentile par nombre de réponses
Votre historique - résultats
Vous n’avez pas pris ce quiz